Territoires d'Outre-Mer de France - Carte Quiz - Statistiques

Statistiques générales
  • Ce quiz a été pris 77 204 fois
  • Le résultat moyen est 9 sur 14
Réponses sur la Carte
Les réponses sont colorées sur une échelle allant du rouge au vert en fonction du pourcentage des utilisateurs qui les ont devinées à leur premier essai. Vous pouvez retrouver ces pourcentages ci-dessous.
 
Statistiques - réponses
Réponse % Correct
Guyane
87%
La Réunion
84%
France Métropolitaine
82%
Mayotte
72%
Martinique
71%
Nouvelle-Calédonie
68%
Guadeloupe
67%
Saint-Pierre-et-Miquelon
67%
Tahiti
(Polynésie Française)
67%
Iles Kerguelen
(Terres Australes)
66%
Clipperton
56%
Saint-Barthélémy
54%
Wallis-et-Futuna
51%
Saint-Martin
46%
Aucun quiz correspondant
Distribution des résultats
% des personnes avec chaque résultat
Percentile par nombre de réponses
Votre historique - résultats
Vous n’avez pas pris ce quiz